000 00654nam a22002177a 4500
003 UA-OsUOA
001 89873
007 ta
008 20121112b un ||||| |||| 00| 0 ukr d
100 _aМусієнко В.Є.
090 _a94(477)
_bМ91
942 _cSA
040 _aUA-OsUOA
_bukr
_cUA-OsUOA
_dUA-OsUOA
245 _aКритерії соціальної стратифікації колгоспного селянства України у 30-і роки ХХ ст.
300 _aС.82-89
955 _a0
041 _aukr
080 _a94(477)
773 0 _w89857
650 7 _a9 Географія. Біографії. Історія
_2UDC
999 _c376152
_d376152